Environmental Law in Africa / (Record no. 8541)

MARC details
000 -LEADER
fixed length control field 00395cam a2200145 i 4500
020 ## - INTERNATIONAL STANDARD BOOK NUMBER
ISBN 9789789183364
050 00 - CALL NUMBER
Classification number KQC705
Item number .Er4
100 1# - AUTHOR
Personal name Erinosho, Bolanle T.,
245 10 - TITLE
Title Environmental Law in Africa /
Statement of responsibility, etc Bolanle T. Erinosho.
260 ## - PUBLICATION INFORMATION
Place of publication Ibadan Nigeria
Name of publisher Kraft Books Ltd
Year of publication 2015
300 ## - DESCRIPTION
Number of Pages xvii, 294 pages ;
Dimensions 22 cm
650 #0 - SUBJECTS
Topical Term Environmental law
942 ## - ADDED ENTRY ELEMENTS (KOHA)
Koha item type Books
Holdings
Withdrawn status Lost status Collection code Home library Current library Shelving location Date acquired Source of acquisition Cost, normal purchase price Full call number Accession Number Koha item type
    Reference Methodist University Library Main Methodist University Library Main General Stacks 17/02/2026 EPP Books 84.00 KQC705 .Er4 9281 Books
    Reference Methodist University Library Main Methodist University Library Main General Stacks 17/02/2026 EPP Books 84.00 KQC705 .Er4 9282 Books
    Reference Methodist University Library Main Methodist University Library Main General Stacks 17/02/2026 EPP Books 84.00 KQC705 .Er4 9283 Books
    Reference Methodist University Library Main Methodist University Library Main General Stacks 17/02/2026 Donation 84.00 KQC705 .Er4 9284 Books
Copyright © 2026  MUG Library